Normal view
MARC view
Entry Personal Name
001 - CONTROL NUMBER
- control field: 47842
003 - CONTROL NUMBER IDENTIFIER
- control field: OSt
005 - DATE AND TIME OF LATEST TRANSACTION
- control field: 20160320153913.0
008 - FIXED-LENGTH DATA ELEMENTS
- fixed length control field: 160320|| aca||aabn | a|a d
040 ## - CATALOGING SOURCE
- Original cataloging agency: OSt
- Transcribing agency: OSt
100 ## - HEADING--PERSONAL NAME
- Personal name: शर्मा सतीश
670 ## - SOURCE DATA FOUND
- Source citation: Work cat.: (OSt)22295: शर्मा सतीश, इलैक्ट्रॉनिक मीडिया और स्टिंग ऑपरेशन, 2006









